Statistics for Countries with the most Lakes

Click here to take the quiz!

General Stats

  • This quiz has been taken 214 times
    (195 since last reset)
  • The average score is 9 of 11

Answer Stats

Lake #Country% Correct
879,800Canada
98%
201,200Russia
98%
102,500United States of America
96%
23,800China
94%
187,888Finland
83%
20,900Brazil
79%
22,600Sweden
77%
20,000Norway
75%
13,600Argentina
59%
11,400Australia
57%
12,400Kazakhstan
47%

Score Distribution

Percentile by Number Answered

Percent of People with Each Score

Your Score History

You have not taken this quiz since the last reset